000 00471pab a2200169 454500
008 180718b2000 xxu||||| |||| 00| 0 eng d
100 _aEdebalk, Per Gunnar
245 _aEmergence of a welfare state - social insurance in Sweden in the 1910s
260 _c2000
300 _ap.537-51
362 _aOct
650 _aSweden - Social policy
650 _aSocial security - Sweden
650 _aSocial security
773 _aJournal of Social Policy
909 _a46892
999 _c46892
_d46892